00341nam a22001217a 450000500170000000800410001704100080005808200080006610000620007424500460013626000290018230000080021120240809162736.0240809b |||||||| |||| 00| 0 eng d aeng bKOL aKolhatkar Shriya- 2K221177 & Prof. Ranjana Gogate - Guide aThe Study of Financial Statement Analysis aPune bSPPU cMarch-2024 a47p